000 00735nam a2200265 i 4500
001 C2-0260980
003 PPAK
005 20180727230547.0
008 041109s1998 my a|||| ||||| | may d
020 _a9839293648
040 _aPPAK
_beng
_cPPAK
_erda
082 0 4 _a333.82
_223
090 0 0 _a333.82
_bJAS
_dRK
100 0 _aJasiman Ahmad,
_eauthor
245 1 0 _aTenaga sampingan
264 1 _aKuala Lumpur :
_bJade Green ,
_c1998
300 _a43 pages :
_bcolour illustrations ;
_c29 cm
336 _2rdacontent
_atext
337 _2rdamedia
_aunmediated
338 _2rdacarrier
_avolume
490 1 _aSiri tenaga membawa perubahan
650 1 0 _aFossil fuels.
830 0 _aSiri tenaga membawa perubahan
942 _ddc
_cB
999 _c71717
_d71717